| 000 | 00410nam a22001457a 4500 | ||
|---|---|---|---|
| 008 | 230606b |||||||| |||| 00| 0 eng d | ||
| 040 |
_aNational Science Library _cNational Science Library |
||
| 080 |
_a615.2/.3 _bK0 |
||
| 245 |
_aBritish medicine bulletin _c/ British Council |
||
| 260 |
_aLondon: _bBritish Council, _c1960 |
||
| 300 | _a85p. | ||
| 650 | _aScience | ||
| 653 | _aMedicine | ||
| 942 |
_2udc _cREP |
||
| 999 |
_c39517 _d39517 |
||